000 00884nam a2200277 a 4500
001 52208
003 BD-RjUL
005 20211209075752.0
008 160906s1955 enka 001 0 eng
035 _a(BD-RjUL)52328
040 _aDLC
_cFMU
_dOCoLC
_dUk
_dBD-RjUL
_beng
041 _aeng
082 _223
_a532.5
_bLIT 1955
100 1 0 _aLin, C.C.
_d1916-
_9156167
245 1 4 _aThe theory of hydrodynamic stability /
_cC.C. Lin
260 _aCambridge :
_bUniversity Press,
_c1955 [Reprinted 1967]
300 _axi, 155 p. :
_bill. ;
_c22 cm.
500 _aInclude index
650 0 _aHydrodynamics.
_9156168
650 0 _aStability.
_9155910
740 0 _aHydrodynamic stability.
856 _3Cambridge monographs on mechanics and applied mathematics
942 _2ddc
_cBK
999 _c52208
_d52208